Attori e Attrici di Hollywood III - Statistics

Statistiche generali
  • Questo quiz è stato fatto 103 volte
  • Il punteggio medio è 5 su 16
Statistiche sulle risposte
con Immagini Risposta % Corretto
Edward Norton
65%
Tom Hardy
65%
Pedro Pascal
61%
Emily Blunt
52%
Michael Caine
46%
Emma Thompson
42%
Mickey Rourke
42%
Ewan McGregor
41%
Sophie Marceau
35%
Debra Winger
16%
Jessica Lange
16%
John C. Reilly
11%
Michael Shannon
9%
Ellen Burstyn
8%
Gael Garcia Bernal
8%
Maika Monroe
5%
Nessun quiz corrispondente trovato
Distribuzione punteggi
Percentuale di utenti per punteggio
Percentile per numero di risposta
I tuoi punteggi nel tempo
Non hai fatto questo quiz